000 00720nam a2200217 i 4500
001 89987
003 ES-MaACL
005 20250824052154.0
007 t|
008 050117s1923 cu |||| | spa d
100 1 _aLázaro, Ángel,
_9240342
_d1900-1985
_eaut
245 1 0 _aCon el alma :
_bcomedia en dos actos y en prosa : con un prólogo en verso /
_cÁngel Lázaro ; juicio crítico de Jacinto Benavente.
260 _aLa Habana :
_bHermes,
_c1923.
300 _a98 p. ;
_c18 cm.
655 0 _aTeatro
_9234794
700 1 _aBenavente, Jacinto,
_d1866-1954
_927443
_eaft
852 _aES-MaACL
_jF-5877
_cDEPO2
942 _2udc
_cMONOGRAFIA
_n0
999 _c89987
_d89987